000
00443nam a2200133Ia 4500
008
191206s9999 xx 000 0 und d
020
_a
256022747
090
_a
HD31.189
245
0
_a
Managing for performance
260
_a
Business Publications
260
_c
c1980
300
_a
"xviii, 563 p. : ill. ; 25 cm."
999
_c
16428
_d
16428